000 00194 a2200097 4500
020 _a9788424636043
041 _aspa
100 _aDel Amo, Montserrat
245 _aZuecos y Naranjas
942 _cBK
999 _c7598
_d7598